| 000 | 01295cam a22002294a 4500 | ||
|---|---|---|---|
| 005 | 20250605164308.0 | ||
| 008 | 250528s ||||||||||||||||||||||||d | ||
| 035 | _a22358 | ||
| 020 | _a9789604182695 | ||
| 040 |
_aGR-AtMCL _bgre _dGR-AtMCL _eAACR2 |
||
| 245 | 1 | _aΔΙΑΦΗΜΙΣΗ ΚΑΙ ΠΡΟΩΘΗΣΗ: ΟΛΟΚΛΗΡΩΜΕΝΗ ΕΠΙΚΟΙΝΩΝΙΑ ΜΑΡΚΕΤΙΝΓΚ | |
| 250 | _a8 | ||
| 260 |
_bΤζιολας, _c2011 |
||
| 300 | _a898 | ||
| 505 | 0 | _aΕΙΣΑΓΩΓΗ ΣΤΙΣ ΟΛΟΚΛΗΡΩΜΕΝΕΣ ΕΠΙΚΟΙΝΩΝΙΕΣ ΜΑΡΚΕΤΙΝΓΚ Ο ΡΟΛΟΣ ΤΩΝ ΟΕΜ ΣΤΗ ΔΙΑΔΙΚΑΣΙΑ ΤΟΥ ΜΑΡΚΕΤΙΝΓΚ ΟΡΓΑΝΩΣΗ ΓΙΑ ΤΗΝ ΔΙΑΦΗΜΙΣΗ & ΤΗΝ ΠΡΟΩΘΗΣΗ ΑΠΟΨΕΙΣ ΓΙΑ ΤΗΝ ΣΥΜΠΕΡΙΦΟΡΑ ΤΩΝ ΚΑΤΑΝΑΛΩΤΩΝ | |
| 520 | _aΕΙΣΑΓΩΓΗ ΣΤΙΣ ΟΛΟΚΛΗΡΩΜΕΝΕΣ ΕΠΙΚΟΙΝΩΝΙΕΣ ΜΑΡΚΕΤΙΝΓΚ Ο ΡΟΛΟΣ ΤΩΝ ΟΕΜ ΣΤΗ ΔΙΑΔΙΚΑΣΙΑ ΤΟΥ ΜΑΡΚΕΤΙΝΓΚ ΟΡΓΑΝΩΣΗ ΓΙΑ ΤΗΝ ΔΙΑΦΗΜΙΣΗ & ΤΗΝ ΠΡΟΩΘΗΣΗ ΑΠΟΨΕΙΣ ΓΙΑ ΤΗΝ ΣΥΜΠΕΡΙΦΟΡΑ ΤΩΝ ΚΑΤΑΝΑΛΩΤΩΝ | ||
| 700 | 1 |
_aBelch George E. _97265 |
|
| 700 | 1 |
_aBelch Michael A. _97266 |
|
| 942 | _cBK | ||
| 999 |
_c7411 _d7411 |
||